Mathematical Methods for Physicists: (Record no. 5208)

MARC details
000 -LEADER
fixed length control field 00595nam a22002177a 4500
003 - CONTROL NUMBER IDENTIFIER
control field OSt
005 - DATE AND TIME OF LATEST TRANSACTION
control field 20210421151000.0
008 - FIXED-LENGTH DATA ELEMENTS--GENERAL INFORMATION
fixed length control field 160914b xxu||||| |||| 00| 0 eng d
020 ## - INTERNATIONAL STANDARD BOOK NUMBER
International Standard Book Number 9780120885848
020 ## - INTERNATIONAL STANDARD BOOK NUMBER
International Standard Book Number 0120885840
040 ## - CATALOGING SOURCE
Transcribing agency DDC.
082 ## - DEWEY DECIMAL CLASSIFICATION NUMBER
Classification number 530.15 ARF 2005
100 ## - MAIN ENTRY--PERSONAL NAME
Personal name Arfken, B. George; Weber, J. Hans;
9 (RLIN) 11065
245 ## - TITLE STATEMENT
Title Mathematical Methods for Physicists:
250 ## - EDITION STATEMENT
Edition statement 6th ed
260 ## - PUBLICATION, DISTRIBUTION, ETC. (IMPRINT)
Place of publication, distribution, etc. Boston;
Name of publisher, distributor, etc. Elsevier Academic Press.
Date of publication, distribution, etc. 2005.
300 ## - PHYSICAL DESCRIPTION
Extent xii,1182p;
Other physical details ill;
Dimensions 25cm.
504 ## - BIBLIOGRAPHY, ETC. NOTE
Bibliography, etc includes index.
650 ## - SUBJECT ADDED ENTRY--TOPICAL TERM
Topical term or geographic name as entry element Mathematical physics
9 (RLIN) 810
942 ## - ADDED ENTRY ELEMENTS (KOHA)
Source of classification or shelving scheme Dewey Decimal Classification
Koha item type Open Shelf
Holdings
Withdrawn status Lost status Source of classification or shelving scheme Damaged status Not for loan Home library Current library Date acquired Source of acquisition Inventory number Total Checkouts Full call number Barcode Date last seen Date last checked out Koha item type
    Dewey Decimal Classification     MUST Main Library MUST Main Library 14/09/2016 Donation 11/35480 5 530.15 ARF 2005 2016-4211 25/03/2021 18/03/2021 Open Shelf
    Dewey Decimal Classification     MUST Main Library MUST Main Library 09/02/2021 Donation 11/33058 1 530.15 ARF 2005 2021-0026 15/03/2021 04/03/2021 Open Shelf
    Dewey Decimal Classification     MUST Main Library MUST Main Library 13/04/2022 Purchase 10/32069   530.15 ARF 2005 2022-0653 13/04/2022   Open Shelf